[Event "Doeberl Cup 52nd"]
[Site "Canberra"]
[Date "2014.04.17"]
[Round "2"]
[White "Stevens, Tristan"]
[Black "Smirnov, Anton"]
[Result "0-1"]
[WhiteElo "2133"]
[BlackElo "2344"]
[PlyCount "84"]
[EventDate "2014.04.17"]
[EventType "swiss"]
[EventRounds "9"]
[EventCountry "AUS"]
[SourceTitle "CBM 159 Extra"]
[Source "ChessBase"]
[SourceDate "2014.04.24"]
[SourceVersion "1"]
[SourceVersionDate "2014.04.24"]
[SourceQuality "1"]

1. e4 c5 2. Nf3 d6 3. d4 cxd4 4. Nxd4 Nf6 5. Nc3 a6 6. h3 e5 7. Nf3 Be7 8. Be3 0-0 9. g4 Be6 10. Qd2 Nc6 11. 0-0-0 Rc8 12. g5 Nd7 13. Nh4 Nd4 14. f4 Nb5 15. Bxb5 exf4 16. Bxf4 axb5 17. Nf5 b4 18. Nd5 Bxd5 19. Qxd5 Bxg5 20. Bxg5 Qxg5+ 21. Kb1 g6 22. Qxd6 Rcd8 23. Rhg1 Qf6 24. Qc7 Qb6 25. Qf4 Kh8 26. Qh6 Rg8 27. Nd6 Ne5 28. Qf4 Rxd6 29. Qxe5+ Rf6 30. Rgf1 Kg7 31. Rd4 Rd8 32. Rxd8 Qxd8 33. Kc1 Qd6 34. Qxf6+ Qxf6 35. Rxf6 Kxf6 36. Kd2 Ke5 37. Ke3 g5 38. c3 bxc3 39. bxc3 b5 40. c4 bxc4 41. a4 h5 42. a5 Kd6 0-1

[Event "Doeberl Cup 50th"]
[Site "Canberra"]
[Date "2012.04.06"]
[Round "3"]
[White "Zhao, Zong Yuan"]
[Black "Stevens, Tristan"]
[Result "1-0"]
[WhiteElo "2556"]
[BlackElo "2134"]
[PlyCount "69"]
[EventDate "2012.04.05"]
[EventType "swiss"]
[EventRounds "9"]
[EventCountry "AUS"]
[SourceTitle "CBM 147 Extra"]
[Source "ChessBase"]
[SourceDate "2012.04.24"]
[SourceVersion "1"]
[SourceVersionDate "2012.04.24"]
[SourceQuality "1"]

1. e4 c5 2. Nf3 Nf6 3. Nc3 d5 4. exd5 Nxd5 5. Bb5+ Bd7 6. Ne5 Bxb5 7. Qf3 f6 8. Nxb5 Na6 9. Qh5+ g6 10. Nxg6 hxg6 11. Qxh8 Qd7 12. Qh4 Nab4 13. Na3 Qe6+ 14. Kf1 Kd8 15. d3 f5 16. Bd2 Bg7 17. Re1 Qd7 18. Bxb4 Nxb4 19. c3 Qxd3+ 20. Kg1 Bf6 21. Qc4 Qd2 22. Qe2 Qxe2 23. Rxe2 Nxa2 24. f4 Nc1 25. Rd2+ Kc7 26. Kf2 Nb3 27. Rd5 Rh8 28. h3 a6 29. Nc4 b5 30. Ne5 c4 31. Rd7+ Kb6 32. Nxg6 Rg8 33. Nxe7 Bh4+ 34. Kg1 Re8 35. Nxf5 1-0

[Event "Caxias do Sul op 12th"]
[Site "Caxias do Sul"]
[Date "2012.03.04"]
[Round "8"]
[White "Aguiar, Djalma"]
[Black "Stevens, Tristan"]
[Result "0-1"]
[WhiteElo "1964"]
[BlackElo "2134"]
[PlyCount "49"]
[EventDate "2012.03.03"]
[EventType "swiss (rapid)"]
[EventRounds "9"]
[EventCountry "BRA"]
[SourceTitle "CBM 147 Extra"]
[Source "ChessBase"]
[SourceDate "2012.04.24"]
[SourceVersion "1"]
[SourceVersionDate "2012.04.24"]
[SourceQuality "1"]

1. e4 c5 2. Nf3 g6 3. d4 cxd4 4. Nxd4 Bg7 5. Nc3 Nc6 6. Be3 Nf6 7. f3 0-0 8. Qd2 d5 9. exd5 Nxd5 10. Nxc6 bxc6 11. Nxd5 cxd5 12. 0-0-0 Be6 13. Bd4 f6 14. h4 Bf7 15. h5 gxh5 16. g4 Qc7 17. gxh5 Rfc8 18. Bd3 e5 19. Be3 Rab8 20. Rdg1 Kf8 21. Bh6 Bxh6 22. Qxh6+ Ke7 23. Kb1 Qb6 24. b3 Qd4 25. Rd1 0-1

[Event "Doeberl Cup 47th"]
[Site "Canberra"]
[Date "2009.04.11"]
[Round "6"]
[White "Stevens, Tristan"]
[Black "Morris, James"]
[Result "0-1"]
[WhiteElo "2006"]
[BlackElo "2114"]
[PlyCount "98"]
[EventDate "2009.04.09"]
[EventType "swiss"]
[EventRounds "9"]
[EventCountry "AUS"]
[SourceTitle "CBM 129 Extra"]
[Source "ChessBase"]
[SourceDate "2009.05.05"]
[SourceVersion "2"]
[SourceVersionDate "2009.05.20"]
[SourceQuality "1"]

1. e4 e6 2. d4 c5 3. c3 d5 4. e5 Ne7 5. Nf3 Nec6 6. Bd3 b6 7. Be3 a5 8. Ng5 Be7 9. h4 h6 10. Qh5 g6 11. Bxg6 fxg6 12. Qxg6+ Kd7 13. Nxe6 Qg8 14. Ng7 Bf8 15. Bxh6 Rxh6 16. Qxh6 Qxg7 17. Qxg7+ Bxg7 18. f4 cxd4 19. g4 Ke7 20. h5 Bxg4 21. Rg1 Bxe5 22. Rxg4 Bf6 23. Nd2 Na6 24. c4 Ncb4 25. Kf2 Nc2 26. Rc1 Ne3 27. Rg6 Nc5 28. Ke2 Rh8 29. cxd5 Nxd5 30. Kf3 Rxh5 31. Ne4 Rh3+ 32. Ng3 Kf7 33. f5 Nd3 34. Rc2 Ne1+ 35. Ke4 Nxc2 36. Kxd5 d3 37. Ne4 Nb4+ 38. Kc4 Be7 39. a3 Rh4 40. axb4 Rxe4+ 41. Kxd3 Rxb4 42. Kc2 Bf6 43. b3 Rb5 44. Rg3 Rxf5 45. Rd3 Rf2+ 46. Kc1 Ke6 47. Rh3 Kd5 48. Rh5+ Be5 49. Rh6 Bf4+ 0-1

[Event "Dos Hermanas Internet qual-D 10th"]
[Site "ICC INT"]
[Date "2009.03.14"]
[Round "3"]
[White "Bonaldi, Pablo"]
[Black "Stevens, Tristan"]
[Result "0-1"]
[WhiteElo "2250"]
[BlackElo "2020"]
[PlyCount "92"]
[EventDate "2009.03.14"]
[EventType "swiss (blitz)"]
[EventRounds "12"]
[EventCountry "ESP"]
[SourceTitle "EXT 2010"]
[Source "ChessBase"]
[SourceDate "2010.11.25"]
[SourceVersion "1"]
[SourceVersionDate "2010.11.25"]
[SourceQuality "1"]

1. c4 d5 2. cxd5 Nf6 3. Nc3 c6 4. dxc6 Nxc6 5. g3 Bf5 6. d3 e6 7. Bg2 Bc5 8. Nf3 a6 9. 0-0 h5 10. h4 Ng4 11. a3 Qc7 12. Bf4 e5 13. Bd2 e4 14. Bf4 Qb6 15. Na4 Bxf2+ 16. Kh1 exf3 17. Nxb6 fxg2+ 18. Kxg2 Bxb6 19. Qb3 Bd4 20. Qxb7 Rc8 21. Rac1 Bd7 22. e3 Bxe3 23. Rfe1 Ne7 24. Rxc8+ Bxc8 25. Qa8 0-0 26. Qe4 Bxf4 27. gxf4 Be6 28. Kg3 Nf5+ 29. Kh3 Nf2+ 30. Kg2 Nxe4 31. dxe4 Nxh4+ 32. Kg3 g5 33. fxg5 Ng6 34. Rc1 Rc8 35. Rd1 Rc2 36. Rd6 Bg4 37. Rxa6 Re2 38. a4 Kg7 39. a5 f5 40. exf5 Bxf5 41. Ra7+ Kh8 42. b4 h4+ 43. Kf3 Rb2 44. Ke3 Ne5 45. Kd4 Nc6+ 46. Kc3 Nxa7 0-1

[Event "Queenstown op"]
[Site "Queenstown"]
[Date "2009.01.24"]
[Round "10"]
[White "Stevens, Tristan"]
[Black "Tan, Justin Hy"]
[Result "1-0"]
[WhiteElo "2020"]
[BlackElo "1870"]
[PlyCount "59"]
[EventDate "2009.01.15"]
[EventType "swiss"]
[EventRounds "10"]
[EventCountry "NZL"]
[SourceTitle "CBM 128 Extra"]
[Source "ChessBase"]
[SourceDate "2009.03.05"]
[SourceVersion "2"]
[SourceVersionDate "2009.03.25"]
[SourceQuality "1"]

1. e4 e6 2. d4 d5 3. e5 c5 4. c3 Nc6 5. Nf3 Bd7 6. Bd3 cxd4 7. cxd4 Qb6 8. 0-0 Nxd4 9. Nbd2 Nc6 10. Nb3 Nge7 11. Be3 Qc7 12. Ng5 h6 13. Qh5 g6 14. Qh4 Bg7 15. Nf3 Nxe5 16. Nxe5 Bxe5 17. Rac1 Qd8 18. Nc5 Bc6 19. b4 d4 20. Bd2 Rc8 21. Rfe1 Bg7 22. Rxe6 fxe6 23. Nxe6 Qd5 24. Nxg7+ Kd8 25. f3 Qe5 26. Ne6+ Ke8 27. Re1 Qd6 28. Qf6 Rg8 29. Ng7+ Kd7 30. Re6 1-0

[Event "Queenstown op"]
[Site "Queenstown"]
[Date "2009.01.16"]
[Round "2"]
[White "Stevens, Tristan"]
[Black "Gao, Judy"]
[Result "0-1"]
[WhiteElo "2020"]
[BlackElo "1911"]
[PlyCount "70"]
[EventDate "2009.01.15"]
[EventType "swiss"]
[EventRounds "10"]
[EventCountry "NZL"]
[SourceTitle "CBM 128 Extra"]
[Source "ChessBase"]
[SourceDate "2009.03.05"]
[SourceVersion "2"]
[SourceVersionDate "2009.03.25"]
[SourceQuality "1"]

1. e4 c6 2. Nc3 d5 3. Qf3 d4 4. Nce2 e5 5. Qg3 Qf6 6. d3 h6 7. f4 Bd6 8. Nf3 exf4 9. Bxf4 Bxf4 10. Nxf4 g6 11. 0-0-0 Ne7 12. e5 Qf5 13. e6 c5 14. Re1 Nbc6 15. b4 b5 16. bxc5 Qxc5 17. exf7+ Kxf7 18. Nxg6 Nxg6 19. Qc7+ Nge7 20. Ne5+ Kf8 21. Nxc6 Nxc6 22. Be2 Bf5 23. Rhf1 Kg8 24. Qg3+ Kh7 25. Qc7+ Kg8 26. Bf3 Rc8 27. Qg3+ Kh7 28. Qh4 Ne5 29. Re2 Rc7 30. Be4 Bg6 31. Rf6 Rf8 32. Rxf8 Qxf8 33. Rf2 Qc5 34. Re2 Rf7 35. Re1 Nxd3+ 0-1

[Event "Queenstown op"]
[Site "Queenstown"]
[Date "2009.01.15"]
[Round "1"]
[White "Mastrovasilis, Dimitrios"]
[Black "Stevens, Tristan"]
[Result "1-0"]
[WhiteElo "2580"]
[BlackElo "2020"]
[PlyCount "73"]
[EventDate "2009.01.15"]
[EventType "swiss"]
[EventRounds "10"]
[EventCountry "NZL"]
[SourceTitle "CBM 128 Extra"]
[Source "ChessBase"]
[SourceDate "2009.03.05"]
[SourceVersion "2"]
[SourceVersionDate "2009.03.25"]
[SourceQuality "1"]

1. e4 e5 2. Nf3 Nc6 3. Bb5 a6 4. Bxc6 dxc6 5. Nc3 Bc5 6. d3 Bg4 7. h3 Bh5 8. Qe2 f6 9. Be3 Qd6 10. Bxc5 Qxc5 11. 0-0-0 0-0-0 12. g4 Bf7 13. Qe3 Qa5 14. d4 exd4 15. Rxd4 Rxd4 16. Qxd4 c5 17. Qd3 Ne7 18. Rd1 Be6 19. e5 Nc6 20. exf6 Nb4 21. Qe4 Nxa2+ 22. Nxa2 Qxa2 23. fxg7 Qa1+ 24. Kd2 Rd8+ 25. Ke3 Qxd1 26. Qxe6+ Kb8 27. g8Q Qc1+ 28. Ke4 Qxc2+ 29. Kf4 Rxg8 30. Qxg8+ Ka7 31. Kg3 c4 32. Ne5 b5 33. Qd8 Kb6 34. Qd4+ Ka5 35. f4 Kb4 36. f5 c5 37. Qc3+ 1-0

[Event "Adelaide Checkmate op"]
[Site "Adelaide"]
[Date "2008.07.05"]
[Round "1"]
[White "Stevens, Tristan"]
[Black "Tan, Peter"]
[Result "1-0"]
[WhiteElo "1965"]
[BlackElo "1236"]
[PlyCount "33"]
[EventDate "2008.07.05"]
[EventType "swiss"]
[EventRounds "7"]
[EventCountry "AUS"]
[SourceTitle "EXT 2010"]
[Source "ChessBase"]
[SourceDate "2010.11.25"]
[SourceVersion "1"]
[SourceVersionDate "2010.11.25"]
[SourceQuality "1"]

1. e4 e5 2. Nf3 Nc6 3. Nc3 Bc5 4. Nxe5 Nxe5 5. d4 Bxd4 6. Qxd4 f6 7. f4 Nc6 8. Qf2 f5 9. exf5 d5 10. Qe2+ Nge7 11. f6 gxf6 12. Qh5+ Kf8 13. Bd3 f5 14. Be3 d4 15. Bc4 Ng6 16. Qh6+ Ke8 17. 0-0-0 1-0